00963nam a2200265 4500003000400000005001700004008004100021020001800062040001800080041000800098050002000106100003700126245011400163264003900277300005300316336002200369337002400391338002400415500007700439650005000516650005700566710004300623942001400666999001700680OSt20260601193524.0260508b1998 hk a|||| |||| 00| 0 eng d a1 86154 167 8 aICIbspacICI aeng 0aGV749bS64 1998 1aBayley, Stephen, eeditor935487 1aThe Sneaker Book : un libro de zapatos tenis :b50 years of sports shoe design /c[edited by] Stephen Bayley aLondon :bBooth-Clibborn Editions, a1 volume (unpaged) :billustrations (some color) atexto2rdacontent asin medio2rdamedia avolumen2rdacarrier aPublicado originalmente en asociación con el Design Museum de Londres. aCalzado deportivoxDiseñoySiglo XX.935488 aCalzado deportivoCalzado deportivoxHistoria.935489 2aDesign Museum (London, England)935490 2lcccBn1 c21118d21118